[Event "POR-ch U16"]
[Site "Luso"]
[Date "2018.03.27"]
[Round "6"]
[White "Silva, Joao Miguel Pereira"]
[Black "Rocha, Joao Latino Tavares"]
[Result "1-0"]
[WhiteElo "1572"]
[BlackElo "1419"]
[PlyCount "103"]
[EventDate "2018.03.24"]
[EventType "swiss"]
[EventRounds "7"]
[EventCountry "POR"]
[SourceTitle "EXT 2019"]
[Source "ChessBase"]
[SourceDate "2018.10.10"]
[SourceVersion "1"]
[SourceVersionDate "2018.10.10"]
[SourceQuality "1"]

1. e4 e5 2. Nf3 Nc6 3. d4 exd4 4. Nxd4 d6 5. Bc4 Nf6 6. Nc3 Be7 7. 0-0 0-0 8. f4 Re8 9. Kh1 Bf8 10. Nxc6 bxc6 11. Qf3 Be6 12. Bb3 Bxb3 13. axb3 Nd7 14. Be3 Nb6 15. Rad1 Qd7 16. Bf2 Be7 17. g4 f6 18. Bd4 Qe6 19. Rfe1 Rf8 20. Qg3 Rae8 21. h4 Bd8 22. Ra1 Rf7 23. Rxa7 d5 24. Raa1 Qd7 25. Bxb6 cxb6 26. exd5 Rxe1+ 27. Rxe1 cxd5 28. Rd1 Qc6 29. Qf3 Rd7 30. Rxd5 Be7 31. Kg2 Bc5 32. Rxd7 Qxd7 33. Qd5+ Qxd5+ 34. Nxd5 Kf7 35. f5 Ke8 36. b4 Bd6 37. Nxb6 Bxb4 38. Nd5 Bd6 39. c4 Kd7 40. b4 Kc6 41. Kf3 Bh2 42. Ke4 h5 43. gxh5 Bg3 44. Nf4 Bxh4 45. Ne6 Be1 46. b5+ Kd6 47. Nxg7 Bd2 48. Kd4 Bc1 49. c5+ Kd7 50. Ne6 Kc8 51. Kd5 Kb8 52. Nf8 1-0

[Event "POR-ch U16"]
[Site "Luso"]
[Date "2018.03.24"]
[Round "1"]
[White "Silva, Joao Miguel Pereira"]
[Black "Santos, Levi"]
[Result "1-0"]
[WhiteElo "1572"]
[BlackElo "1108"]
[PlyCount "65"]
[EventDate "2018.03.24"]
[EventType "swiss"]
[EventRounds "7"]
[EventCountry "POR"]
[SourceTitle "EXT 2019"]
[Source "ChessBase"]
[SourceDate "2018.10.10"]
[SourceVersion "1"]
[SourceVersionDate "2018.10.10"]
[SourceQuality "1"]

1. e4 c5 2. Nf3 d6 3. d4 cxd4 4. Nxd4 a6 5. Nc3 Nf6 6. Be2 e6 7. Be3 Be7 8. Nb3 0-0 9. f4 e5 10. 0-0 b5 11. a3 Bb7 12. Bf3 Nbd7 13. g4 Nc5 14. Nd2 a5 15. Bxc5 dxc5 16. fxe5 Qd4+ 17. Rf2 Qxe5 18. Qe2 b4 19. Nc4 Qe6 20. Nd5 Nxd5 21. exd5 Qxe2 22. Rxe2 Bf6 23. axb4 axb4 24. Rxa8 Rxa8 25. b3 Ba6 26. d6 Rb8 27. Bc6 g6 28. d7 Rb6 29. Ba4 Rb8 30. Re8+ Rxe8 31. dxe8Q+ Kg7 32. Nd6 Bd4+ 33. Kg2 1-0

[Event "POR-ch U16"]
[Site "Luso"]
[Date "2017.04.12"]
[Round "7"]
[White "Fernandes, Joao Pedro Murtinho"]
[Black "Silva, Joao Miguel Pereira"]
[Result "1-0"]
[WhiteElo "1834"]
[BlackElo "1546"]
[PlyCount "89"]
[EventDate "2017.04.08"]
[EventType "swiss"]
[EventRounds "7"]
[EventCountry "POR"]
[SourceTitle "EXT 2018"]
[Source "ChessBase"]
[SourceDate "2017.10.13"]
[SourceVersion "1"]
[SourceVersionDate "2017.10.13"]
[SourceQuality "1"]

1. e4 c6 2. d4 d5 3. e5 Bf5 4. h4 h6 5. g4 Be4 6. f3 Bh7 7. e6 fxe6 8. Bd3 Qd6 9. Bxh7 Qg3+ 10. Kf1 Rxh7 11. Qd3 Nf6 12. Ne2 Qd6 13. Bf4 Qb4 14. Nbc3 Rh8 15. Kg2 Qc4 16. Qg6+ Kd7 17. g5 Ne8 18. Be5 Nd6 19. Nf4 Na6 20. Qxe6+ Kc7 21. Ng6 Nb4 22. Nxf8 Rhxf8 23. Qxe7+ Kb6 24. Qxd6 a5 25. Qc5+ Qxc5 26. dxc5+ Kxc5 27. Bxg7 Rf7 28. gxh6 Nxc2 29. Rac1 Ne3+ 30. Kf2 Nf5 31. Ne4+ Kb6 32. Ng5 Rd7 33. Rhe1 Nxg7 34. hxg7 Rxg7 35. Re6 Rh8 36. Kg3 Kc7 37. f4 d4 38. Re4 Rhg8 39. Rxd4 b6 40. Re1 c5 41. Rde4 Kc6 42. a4 Kd5 43. Rd1+ Kc6 44. Re6+ Kc7 45. f5 1-0

[Event "POR-ch U14"]
[Site "Luso"]
[Date "2016.07.20"]
[Round "1"]
[White "Antunes, Ana"]
[Black "Silva, Joao Miguel Pereira"]
[Result "0-1"]
[WhiteElo "1139"]
[BlackElo "1522"]
[PlyCount "82"]
[EventDate "2016.07.20"]
[EventType "swiss"]
[EventRounds "7"]
[EventCountry "POR"]
[SourceTitle "EXT 2018"]
[Source "ChessBase"]
[SourceDate "2017.10.13"]
[SourceVersion "1"]
[SourceVersionDate "2017.10.13"]
[SourceQuality "1"]

1. e4 c6 2. Nc3 d5 3. exd5 cxd5 4. d4 Bf5 5. Bf4 e6 6. Nf3 Nc6 7. Bb5 a6 8. Bd3 Bg4 9. Be2 Bxf3 10. Bxf3 Qb6 11. Be3 Qxb2 12. Qd2 Qxa1+ 13. Bd1 Bb4 14. Qd3 Qxc3+ 15. Bd2 Qxd3 16. cxd3 Bxd2+ 17. Kxd2 Nxd4 18. Ba4+ b5 19. Bd1 Ne7 20. Re1 Kd7 21. Bh5 g6 22. Bd1 Rac8 23. f3 Rc5 24. Bb3 Nxb3+ 25. axb3 a5 26. d4 Rc6 27. Ra1 Ra8 28. g4 a4 29. bxa4 bxa4 30. h4 Rc4 31. Kd3 Nc6 32. f4 Rxd4+ 33. Ke3 a3 34. g5 Re4+ 35. Kf3 Nd4+ 36. Kg3 a2 37. Kg4 Ra3 38. Rxa2 Rxa2 39. Kg3 Ra3+ 40. Kg2 Re2+ 41. Kf1 Ra1# 0-1

[Event "Gaia Profigaia op 9th"]
[Site "Vila Nova de Gaia"]
[Date "2016.06.25"]
[Round "3"]
[White "Conflitti, Alessandro"]
[Black "Silva, Joao Miguel Pereira"]
[Result "1-0"]
[WhiteElo "1754"]
[BlackElo "1458"]
[PlyCount "125"]
[EventDate "2016.06.24"]
[EventType "swiss"]
[EventRounds "7"]
[EventCountry "POR"]
[SourceTitle "EXT 2018"]
[Source "ChessBase"]
[SourceDate "2017.10.13"]
[SourceVersion "1"]
[SourceVersionDate "2017.10.13"]
[SourceQuality "1"]

1. Nf3 c6 2. g3 d5 3. Bg2 Bf5 4. b3 Nf6 5. Bb2 e6 6. 0-0 Be7 7. d3 0-0 8. Nbd2 Nbd7 9. c4 Rc8 10. a3 Nb6 11. Re1 h6 12. e4 Bh7 13. e5 Ne8 14. d4 c5 15. Rc1 dxc4 16. dxc5 Bxc5 17. Nxc4 Nxc4 18. Rxc4 Qb6 19. Bd4 Bxd4 20. Qxd4 Qxd4 21. Nxd4 Rxc4 22. bxc4 b6 23. Nc6 a6 24. Rd1 Nc7 25. Rd7 Na8 26. Ra7 a5 27. Ne7+ Kh8 28. Rxa8 Rxa8 29. Bxa8 Bd3 30. Nc8 Bxc4 31. Nxb6 Bb3 32. Bc6 Kh7 33. Be4+ g6 34. Bd3 Kg7 35. Nc4 a4 36. Nb6 f6 37. exf6+ Kxf6 38. Bb5 e5 39. Bxa4 Be6 40. Bb5 Bf5 41. a4 g5 42. a5 h5 43. a6 Be4 44. a7 h4 45. g4 h3 46. a8Q Bxa8 47. Nxa8 e4 48. Bf1 Ke5 49. Bxh3 Kf4 50. Bg2 Kxg4 51. Bxe4 Kf4 52. Bg2 g4 53. Kf1 Kf5 54. Ke2 Kf4 55. Nc7 Kf5 56. Ke3 Ke5 57. Nd5 Kf5 58. Kd4 Kg5 59. Ke4 Kh4 60. Kf4 Kh5 61. Nf6+ Kh4 62. Nxg4 Kh5 63. h3 1-0

[Event "POR-ch U14"]
[Site "Luso"]
[Date "2015.07.26"]
[Round "7"]
[White "Silva, Joao Miguel Pereira"]
[Black "Fernandes, Joao Pedro Murtinho"]
[Result "0-1"]
[WhiteElo "1480"]
[BlackElo "1662"]
[PlyCount "92"]
[EventDate "2015.07.22"]
[EventType "swiss"]
[EventRounds "7"]
[EventCountry "POR"]
[SourceTitle "EXT 2018"]
[Source "ChessBase"]
[SourceDate "2017.10.13"]
[SourceVersion "1"]
[SourceVersionDate "2017.10.13"]
[SourceQuality "1"]

1. c4 Nf6 2. d3 e6 3. Nc3 d5 4. cxd5 exd5 5. g3 c6 6. Bg2 Be7 7. Nf3 Bf5 8. 0-0 0-0 9. a3 Nbd7 10. Nd2 Bg6 11. b4 a5 12. b5 d4 13. Nce4 Nxe4 14. dxe4 cxb5 15. Nb3 Bf6 16. Bb2 Qe7 17. Bxd4 Bxe4 18. Bh3 Rfd8 19. Bxd7 Rxd7 20. Bxf6 gxf6 21. Qe1 b6 22. Nd2 Bb7 23. Nf3 Rad8 24. h4 Re8 25. Rb1 Qxa3 26. Nh2 Qc5 27. Ng4 Kg7 28. Rc1 Qf5 29. Nh2 Qe4 30. f3 Qxe2 31. g4 Qxe1 32. Rfxe1 Rxe1+ 33. Rxe1 b4 34. Rb1 Rd3 35. Kf2 Rd2+ 36. Kg3 Ba6 37. g5 fxg5 38. hxg5 Bc4 39. Ng4 b3 40. Ne5 Be6 41. f4 b2 42. Kf3 Bf5 43. Ke3 Bxb1 44. Kxd2 Bf5 45. g6 fxg6 46. Nxg6 Bxg6 0-1